Mad Men Characters Quiz Stats

 Plays Quiz not verified by Sporcle

Also try: '90s TV by Actor
Challenge
Share
Tweet
Embed
Score 0/26 Timer 10:00
0 Plays Today
Actor Character % Correct
Jon HammDon Draper
100%
January JonesBetty Draper
97.8%
John SlatteryRoger Sterling
91.7%
Vincent KartheiserPete Campbell
90.1%
Elisabeth MossPeggy Olson
85.1%
Robert MorseBert Cooper
82.3%
Christina HendricksJoan Holloway
76.8%
Kiernan ShipkaSally Draper
69.6%
Aaron StatonKen Cosgrove
69.1%
Rich SommerHarry Crane
65.2%
Alison BrieTrudy Campbell
64.6%
Jared HarrisLane Pryce
60.2%
Michael GladisPaul Kinsey
58%
Actor Character % Correct
Brian BattSalvatore Romano
54.7%
Maggie SiffRachel Menken
41.4%
Talia BalsamMona Sterling
36.5%
Melinda McGrawBobbie Barrett
25.4%
Christopher StanleyHenry Francis
23.8%
Marten Holden WeinerGlen Bishop
21%
Rosemarie DewittMidge Daniels
19.9%
Patrick FischlerJimmy Barrett
19.9%
Joel MurrayFreddie Rumsen
14.4%
Deborah LaceyCarla
13.3%
Colin HanksFather Gill
13.3%
Sam PageGreg Harris
11.6%
Anne DudekFrancine Hanson
11%

You're not logged in!

Compare scores with friends on all Sporcle quizzes.
Join for Free
OR
Log In

You Might Also Like...

Show Comments

Extras

Created May 2, 2010ReportNominate
Tags:Actor Quiz, character, mad, Mad Men, men

Top Quizzes Today


Score Distribution

Your Account Isn't Verified!

In order to create a playlist on Sporcle, you need to verify the email address you used during registration. Go to your Sporcle Settings to finish the process.

Report this User

Report this user for behavior that violates our Community Guidelines.

Details: